Największe polskie miasta zawierające literę L - Statystyki

Ogólne statystyki
  • Ten quiz został rozwiązany 43 razy
  • Średni wynik to 12 z 15
Statystyki odpowiedzi
Województwo Populacja Miasto % Poprawnych
Lubelskie 330 447 Lublin
100%
Opolskie 126 300 Opole
90%
Świętokrzyskie 183 147 Kielce
88%
Warmińsko-mazurskie 167 844 Olsztyn
88%
Lubuskie 139 132 Zielona Góra
88%
Lubuskie 115 847 Gorzów Wielkopolski
83%
Śląskie 166 189 Bielsko-Biała
80%
Warmińsko-mazurskie 113 195 Elbląg
80%
Śląskie 170 457 Gliwice
76%
Zachodniopomorskie 105 905 Koszalin
73%
Dolnośląskie 75 429 Jelenia Góra
71%
Dolnośląskie 92 568 Legnica
71%
Wielkopolskie 93 681 Kalisz
66%
Śląskie 131 062 Ruda Śląska
59%
Mazowieckie 75 502 Siedlce
49%
Nie znaleziono quizów pasujących do podanych kryteriów
Rozkład punktacji
Procent ludzi z każdym wynikiem
Percentyl według liczby udzielonych odpowiedzi
Twoja historia wyników
Nie rozwiązałeś tego quizu